Central Library OPAC University of Rajshahi

আমার চিঠিপত্র / (Record no. 79303)

MARC details
000 -LEADER
fixed length control field 00890nam a2200229 a 4500
001 - CONTROL NUMBER
control field 79303
003 - CONTROL NUMBER IDENTIFIER
rucl marc code BD-RjUL
005 - DATE AND TIME OF LATEST TRANSACTION
control field 20220201114640.0
008 - FIXED-LENGTH DATA ELEMENTS--GENERAL INFORMATION
fixed length control field 220201s2021 bg ||||| |||| 00| 0 ben d
020 ## - INTERNATIONAL STANDARD BOOK NUMBER
International Standard Book Number 9789843452412
Terms of availability :Tk.1000.00
035 ## - SYSTEM CONTROL NUMBER
System control number (BD-RjUL)79303
040 ## - CATALOGING SOURCE
Original cataloging agency BD-RjUL
Language of cataloging eng
Transcribing agency BD-RjUL
041 ## - LANGUAGE CODE
Language code of text/sound track or separate title eng
082 ## - DEWEY DECIMAL CLASSIFICATION NUMBER
Edition number 23
Classification number 324.2092
Author mark and year HOA 2021
100 ## - MAIN ENTRY--PERSONAL NAME
Personal name হোসেন, সৈয়দ আবুল
9 (RLIN) 1055
245 10 - TITLE STATEMENT
Title আমার চিঠিপত্র /
Statement of responsibility, etc. সৈয়দ আবুল হোসেন
260 ## - PUBLICATION, DISTRIBUTION, ETC. (IMPRINT)
Place of publication, distribution, etc. ঢাকা :
Name of publisher, distributor, etc. খুরশিদা আকতার, চর্যাপদ,
Date of publication, distribution, etc. ২০২১
300 ## - PHYSICAL DESCRIPTION
Pagination ৯৯৬ পৃ.:
Illustrations চিত্রসমূহ;
Size ২৫ সেমি.
600 ## - SUBJECT ADDED ENTRY--PERSONAL NAME
Personal name হোসেন, সৈয়দ আবুল
General subdivision চিঠিপত্র
Personal name Hossain, Syed Abul
General subdivision Correspondence
942 ## - ADDED ENTRY ELEMENTS (KOHA)
Source of classification or shelving scheme Dewey Decimal Classification
Koha item type Books
Holdings
Lost status Source of classification or shelving scheme Damaged status Not for loan Collection code Permanent Location Current Location Shelving location Date acquired Source of acquisition Cost, normal purchase price Total Checkouts Full call number Date last seen Copy number Koha item type
  Dewey Decimal Classification   Not For Loan Non-fiction Central Library, University of Rajshahi Central Library, University of Rajshahi Reading Room 16/11/2021 Author 1000.00   B 324.2092 HOA 2021 01/02/2022 C-1 Books